00510nam a2200169Ia 450000500170000000800460001702000180006303700120008104000200009304100130011308400190012610000230014524501090016826000400027730000100031736500130032720250508165311.0008 250505s9999 xx 000 0 eng d a81-7060-101-0 aTextual aFEDLbengcFEDL aeng2eng a378, ALVqFEDL aAlvares Claude Ed. 0aMultiversity: .Freeing children from the tyranny of schooling bringing colour back into academic studies aGoa, India bOther India Presc2004 a154p. aINRb150